000 00682nam a2200289Ia 4500
005 20260324133129.0
008 008 260324s9999 xx 000 0 eng d
020 _a9780429234026
037 _aEBOOK
040 _aCRL
040 _beng
040 _cCRL
041 _2eng
041 _aeng
084 _qCRL
100 _aYoneyuki Sugita
245 0 _aPitfall or Panacea
245 4 _bThe Irony of U.S. Power in Occupied Japan, 1945-1952
260 _bTaylor and Francis
260 _c2003
365 _a
365 _b230
856 _uhttp://www.taylorfrancis.com/books/9780429234026
942 _cEBOOK
999 _c1790674
_d1790674